| 000 | 00544nam a22001817a 4500 | ||
|---|---|---|---|
| 005 | 20251108164129.0 | ||
| 008 | 250721s1990 xx 000 0 ara d | ||
| 082 | 1 | 4 | _a338.7624/زحل |
| 100 | 1 | _aزحلان، أنطوان | |
| 245 | 1 | 0 | _aحيازة القدرة التكنولوجية / |
| 264 | 1 |
_aبيروت : _bمركز الدراسات الوحدة العربية، _c1990. |
|
| 300 | _a298ص | ||
| 650 | 1 | 7 | _aالإقتصاد |
| 650 | 1 | 7 | _aالهندسة المدنية |
| 650 | 1 | 7 | _aالشركة |
| 942 |
_2ddc _cBK |
||
| 999 |
_c4400 _d4400 |
||